’74関税便覧

Spremljeno u:
Bibliografski detalji
Autor kompanije: 通商関税課ー通商産業省
Format: Knjiga
Jezik:Undetermined
Izdano: 東京 通商産業調査会 1974
Teme:
Oznake: Dodaj oznaku
Bez oznaka, Budi prvi tko označuje ovaj zapis!
Thư viện lưu trữ: Trung tâm Học liệu Trường Đại học Cần Thơ
LEADER 00493nam a2200181Ia 4500
001 CTU_80692
008 210402s9999 xx 000 0 und d
082 |a 382.7 
082 |b T877 
110 |a 通商関税課ー通商産業省 
245 0 |a ’74関税便覧 
245 0 |c 通商関税課ー通商産業省 
260 |a 東京 
260 |b 通商産業調査会 
260 |c 1974 
650 |a Tariff 
904 |i Ngoc,Hải 
980 |a Trung tâm Học liệu Trường Đại học Cần Thơ